000 00288nam a22001337a 4500
008 180922b xxu||||| |||| 00| 0 eng d
020 _a0387986103
041 _aeng
080 _a617
100 _a5
101 _aKIR
245 _aPerioteneal Surgery
_cDizerega, G.S
942 _2udc
_cBK
999 _c48282
_d48282